Consumer Prehaviour and Managerial Decision Making (Record no. 2102)

MARC details
000 -LEADER
fixed length control field 00414nam a22001697a 4500
005 - DATE AND TIME OF LATEST TRANSACTION
control field 20160530102756.0
008 - FIXED-LENGTH DATA ELEMENTS--GENERAL INFORMATION
fixed length control field 160530b xxu||||| |||| 00| 0 eng d
020 ## - INTERNATIONAL STANDARD BOOK NUMBER
ISBN 81-203-2221-5
041 ## - LANGUAGE CODE
Language code of text/sound track or separate title eng
082 ## - DEWEY DECIMAL CLASSIFICATION NUMBER
Item number 5942
100 ## - MAIN ENTRY--AUTHOR NAME
Personal name Karder Frank R
245 ## - TITLE STATEMENT
Title Consumer Prehaviour and Managerial Decision Making
260 ## - PUBLICATION, DISTRIBUTION, ETC. (IMPRINT)
Place of publication New Delhi
Name of publisher PHI,
300 ## - PHYSICAL DESCRIPTION
Number of Pages 403
650 ## - SUBJECT ADDED ENTRY--TOPICAL TERM
Topical Term Management
942 ## - ADDED ENTRY ELEMENTS (KOHA)
Koha item type Books
Holdings
Lost status Damaged status Home library Current library Date acquired Cost, normal purchase price Full call number Accession Number Koha item type Collection code Shelving location
Lost   JRU Library JRU Library 30/05/2016 225.00 5942 5942 Books    
    JRU Library JRU Library 30/05/2016 225.00 5942 5943 Books MANAGEMENT SHELF- 66 H
    JRU Library JRU Library 30/05/2016 225.00 5942 5944 Books MANAGEMENT SHELF- 66 H
    JRU Library JRU Library 30/05/2016 225.00 5942 5945 Books MANAGEMENT SHELF-39-I